000 00623nam a22001817a 4500
999 _c190203
_d190203
005 20220720130001.0
010 _aENG-133673
020 _a9788183166935
_c395.00
035 _aEN-117205
037 _bDBAD/PUB
082 _a371.26
100 _aSagar, J. Vidya
245 _aMeasurement and Evaluation in Education/
_cJ. Vidya Sagar
260 _aNew Delhi
_bNeelkamal Publishing Pvt. Ltd.
_c2016
270 _a4764/1, 23, Ansari Road, Daryaganj
_bNew Delhi
_e110002
_k011-23244237
_mneelkamalbooks@gmail.com
300 _avi, 280 p.
_c24 cm(pbk)
_bBibiliography, Index
942 _2ddc
_cEN
_h371.26
_mSAG